000 00388 a2200133 4500
001 ART_10201
005 20260410161848.0
008 260409a
245 1 0 _aEficiencia y ocupación en la Argentina
100 1 _aBajraj, Reynaldo F.
700 1 _aBaccino, Osvaldo
700 1 _aDi Tella, Guido
773 0 _tEconómica
_g- Año XVI, Nº 2 (may./ago. 1970)
_wREV7541
999 _c24725
_d24725